banner-ar

A GUIDE TO PROGRAMMED INSTRUCTION / (Record no. 14870)

MARC details
000 -الفاتح
حقل البيانات ثابتة الطول 00537nam a2200193Ia 4500
008 - عناصر البيانات ثابتة الطول - معلومات عامة
حقل البيانات ثابتة الطول 140319s9999 xx 000 0 eng d
040 ## - مصدر الفهرسة
وكالة الفهرسة الأصلية GCL /
وكالة النسخ GCL
082 04 - رقم تصنيف ديوى العشرى
رقم التصنيف 371.39442
رقم المادة L G
100 1# - المدخل الرئيسى - إسم شخصى
الإسم الشخصى WILLIAMS, CLARENCE M
245 10 - بيان العنوان
العنوان A GUIDE TO PROGRAMMED INSTRUCTION /
بيان المسئوليه,etc WILLIAMS, CLARENCE M
700 1# - المدخل الاضافى - اسم شخصى
الإسم الشخصى LYSAUGHT, JEROME P
260 ## - PUBLICATION, DISTRIBUTION, ETC. (IMPRINT)
تاريخ النشر أو التوزيع 1967
300 ## - الوصف المادى
التعداد 180 P
650 04 - المدخل الاضافى بالموضوع-مصطلح موضوعى
مصطلح موضوعي LEARNING
650 04 - المدخل الاضافى بالموضوع-مصطلح موضوعى
مصطلح موضوعي PROGRAMMED INSTRUCTION
650 04 - المدخل الاضافى بالموضوع-مصطلح موضوعى
مصطلح موضوعي PROGRAMMED LEARNING
942 ## - عناصر المدخل الإضافي( كوها)
مصدر التصنيف او مخطط الترفيف Dewey Decimal Classification
Koha [default] item type كتاب
260 ## - PUBLICATION, DISTRIBUTION, ETC. (IMPRINT)
-- [S.N] :
-- JOHN WILEY AND SONS. INC ،
Holdings
حالة التراجع حالة الفقد حالة تلف ليس للاعارة المكان المؤقت الموقع الحالى تاريخ الاكتساب اجمالي اﻻعارات رقم الطلب الباركود تاريخ اخر مشاهدة تاريخ تفعيل السعر نوع وعاء كوها
        مكتبة القاهرة الكبرى مكتبة القاهرة الكبرى 03/26/2014   371.39442\L G 27795 03/26/2014 03/26/2014 كتاب

Powered By

EGPV